00412nam a2200169Ia 4500003000400000005001700004008004100021040000700062041000800069082001900077100001900096245002900115260003700144365001400181650003100195650001600226OSt20230530110033.0210423s2002 xx 000 0 und d cAL aeng a361.3 DAVS223 aDAVIS (Martin) aCompanion to social work aUKbBlackwell Publicationsc2002 b1495cINR aSocial Problems & Services aSocial Work